Μάρκετινγκ / Τέταρτη Έκδοση (Record no. 1498)
[ view plain ]
| 000 -LEADER | |
|---|---|
| fixed length control field | 01309cam a22002534a 4500 |
| 005 - ΗΜΕΡΟΜΗΝΙΑ ΚΑΙ ΩΡΑ ΤΕΛΕΥΤΑΙΑΣ ΕΝΗΜΕΡΩΣΗΣ | |
| Πεδίο ελέγχου | 20250605164011.0 |
| 008 - FIXED-LENGTH DATA ELEMENTS--GENERAL INFORMATION | |
| Πεδίο ελέγχου σταθερού μήκους | 250528s ||||||||||||||||||||||||d |
| 035 ## - SYSTEM CONTROL NUMBER | |
| System control number | 15951 |
| 020 ## - ISBN | |
| ISBN | 960286303X |
| 040 ## - ΠΗΓΗ ΚΑΤΑΛΟΓΟΓΡΑΦΗΣΗΣ | |
| Φορέας πρωτότυπης καταλογογράφησης | MC Athens Campus Library |
| Γλώσσα καταλογογράφησης | Ελληνικά, Μοντέρνα (1453-) |
| Modifying agency | MC Athens Campus Library |
| Κανόνες περιγραφικής καταλογογράφησης | AACR2 |
| 245 1# - ΤΙΤΛΟΣ ΚΑΙ ΔΗΛΩΣΗ ΥΠΕΥΘΥΝΟΤΗΤΑΣ | |
| Τίτλος | Μάρκετινγκ / Τέταρτη Έκδοση |
| 250 ## - EDITION STATEMENT | |
| Edition statement | 4η |
| 260 ## - PUBLICATION, DISTRIBUTION, ETC. | |
| Name of publisher, distributor, etc. | Έλλην, |
| Date of publication, distribution, etc. | 1998 |
| 300 ## - PHYSICAL DESCRIPTION | |
| Extent | 592 |
| 505 0# - FORMATTED CONTENTS NOTE | |
| Formatted contents note | Το Μέλλον του Μάρκετινγκ και του Επαγγέλματος του Μάρκετινγκ, Οργάνωση για την Επίτευξη Αποτελεσματικού Μάρκετινγκ, Δημιουργία Ενός Προιόντος, Διανομή Προιόντος, Η Εφαρμογή του Μάρκετινγκ. |
| 520 ## - SUMMARY, ETC. | |
| Summary, etc. | Το Μέλλον του Μάρκετινγκ και του Επαγγέλματος του Μάρκετινγκ, Οργάνωση για την Επίτευξη Αποτελεσματικού Μάρκετινγκ, Δημιουργία Ενός Προιόντος, Διανομή Προιόντος, Η Εφαρμογή του Μάρκετινγκ. |
| 700 1# - ΠΡΟΣΘΕΤΗ ΑΝΑΓΡΑΦΗ--ΦΥΣΙΚΟ ΠΡΟΣΩΠΟ | |
| Personal name | Baker J. Michael |
| 9 (RLIN) | 1982 |
| 700 1# - ΠΡΟΣΘΕΤΗ ΑΝΑΓΡΑΦΗ--ΦΥΣΙΚΟ ΠΡΟΣΩΠΟ | |
| Personal name | Beasley Derek |
| 9 (RLIN) | 1988 |
| 700 1# - ΠΡΟΣΘΕΤΗ ΑΝΑΓΡΑΦΗ--ΦΥΣΙΚΟ ΠΡΟΣΩΠΟ | |
| Personal name | Bowles Tim |
| 9 (RLIN) | 1989 |
| 700 1# - ΠΡΟΣΘΕΤΗ ΑΝΑΓΡΑΦΗ--ΦΥΣΙΚΟ ΠΡΟΣΩΠΟ | |
| Personal name | Brannan Tom |
| 9 (RLIN) | 1990 |
| 942 ## - ADDED ENTRY ELEMENTS (KOHA) | |
| Koha item type | Books |
| Τύπος τεκμηρίου | Βιβλιοθήκη | Τρέχουσα τοποθεσία | Barcode | Αριθμός εισαγωγής | Ημερομηνία απόκτησης | Ταξιθετικό σύμβολο | Αριθμός αντιτύπου | Κατάσταση απόσυρσης | Κατάσταση χαμένου | Κατάσταση κατεστραμμένου | Μη δανεισμός | Σύνολο δανεισμών | Ημερομηνία τελευταίας εμφάνισης | Η τιμή ισχύει από |
|---|---|---|---|---|---|---|---|---|---|---|---|---|---|---|
| Books | MC Athens Campus Library | MC Athens Campus Library | 9780000014979 | 2569 | 05/06/2025 | 658.8 THO | 1 | 05/06/2025 | 05/06/2025 |